Statistics for Select All That Apply: Countries

Click here to take the quiz!

General Stats

  • This quiz has been taken 34 times
  • The average score is 59 of 72

Answer Stats

QuestionTileSelect% Correct
That are landlockedNo
100%
That were in the Soviet UnionNo
100%
That are landlockedNo
100%
That are in AfricaNo
100%
That are in AfricaNo
100%
That are in Australia/OceaniaNo
96%
That are in Australia/OceaniaNo
96%
That are in Australia/OceaniaNo
96%
That are islandsNo
96%
That were in the Soviet UnionNo
96%
That were in the Soviet UnionNo
96%
That are in AfricaNo
96%
That are in AfricaYes
92%
That were part of the French Colonial EmpireNo
92%
That are in Australia/OceaniaNo
92%
That are in AfricaNo
92%
That are in Australia/OceaniaNo
92%
That are in Australia/OceaniaNo
92%
That are islandsNo
92%
That were in the Soviet UnionYes
92%
That were in the Soviet UnionNo
92%
That were part of the French Colonial EmpireNo
92%
That are islandsNo
92%
That are islandsNo
92%
That were in the Soviet UnionNo
92%
That are in Australia/OceaniaYes
92%
That are in AfricaYes
88%
That are in Australia/OceaniaYes
88%
That were in the Soviet UnionNo
88%
That are islandsNo
88%
That were part of the French Colonial EmpireNo
88%
That are in AfricaYes
88%
That are islandsYes
83%
That are islandsYes
83%
That are in AfricaYes
83%
That are in AfricaNo
83%
That are landlockedNo
83%
That are in AfricaYes
83%
That were in the Soviet UnionYes
83%
That are landlockedNo
83%
That are landlockedNo
79%
That were part of the French Colonial EmpireNo
79%
That are in AfricaYes
79%
That were in the Soviet UnionYes
79%
That are islandsYes
79%
That are islandsYes
79%
That were in the Soviet UnionYes
79%
That were in the Soviet UnionYes
79%
That are in Australia/OceaniaYes
79%
That are landlockedYes
79%
That were part of the French Colonial EmpireYes
75%
That are in Australia/OceaniaYes
75%
That were part of the French Colonial EmpireYes
71%
That are in AfricaYes
71%
That are in Australia/OceaniaYes
71%
That are islandsYes
71%
That were part of the French Colonial EmpireNo
71%
That are islandsYes
71%
That were part of the French Colonial EmpireYes
67%
That are landlockedYes
67%
That were part of the French Colonial EmpireYes
67%
That are landlockedYes
67%
That are islandsYes
67%
That are landlockedYes
67%
That are landlockedYes
63%
That were in the Soviet UnionYes
63%
That are in Australia/OceaniaYes
63%
That are landlockedYes
63%
That were part of the French Colonial EmpireYes
58%
That are landlockedYes
54%
That were part of the French Colonial EmpireYes
46%
That were part of the French Colonial EmpireYes
33%

Score Distribution

Percentile by Number Answered

Percent of People with Each Score

Your Score History

You have not taken this quiz